000 00337 a2200157 4500
001 153276
020 _a8525409855
040 _cEscola São Tomás de Aquino
100 _aALENCAR, José de
240 1 0 _aO gaúcho
_lpor
245 1 0 _aO gaúcho
300 _a310
362 0 _a2002
697 _aLITERATURA BRASILEIRA
942 _cBK
999 _c153276
_d153276